The Matrix: Agent Smith Free Monologue - Statistics

General Stats
  • This quiz has been taken 66 times
  • The average score is 80 of 134
Answer Stats
Answer % Correct
you
100%
you.
100%
You
100%
a
98%
I
98%
the
86%
to
86%
are
80%
hear
80%
me,
80%
me
80%
it.
75%
it
75%
it?
75%
and
68%
no
68%
this
68%
This
68%
can
64%
is
64%
of
64%
be
61%
in
61%
free
59%
get
59%
need
59%
that
59%
there
59%
do
57%
Do
57%
for
57%
going
57%
smell,
57%
here.
55%
Morpheus?
55%
die.
52%
feel
52%
hate
52%
I'm
52%
out
52%
tell
52%
with
52%
your
52%
or
50%
place.
50%
want
50%
can't
48%
My
48%
honest
45%
It's
45%
thing.
45%
if
43%
Zion
43%
have
41%
mind
39%
must
39%
by
36%
call
36%
codes.
36%
every
36%
key.
36%
such
36%
any
34%
how.
34%
inside
34%
time
34%
Whatever
34%
destroyed,
32%
longer.
32%
Once
32%
stand
32%
stink
32%
prison.
30%
taste
30%
understand?
30%
zoo.
30%
Isn't
25%
I've
25%
been
23%
fear
23%
reality.
18%
somehow
18%
infected
16%
repulsive.
16%
saturated
16%
No matching quizzes found
Score Distribution
Percent of People with Each Score
Percentile by Number Answered
Your Score History
You have not taken this quiz